000 00560nam a2200193Ia 4500
005 20250326145152.0
008 250326s9999 xx 000 0 und d
037 _aTextbook
040 _aFMSL
_beng
_cFMSL
041 _aeng
_2eng
084 _aX:513 Q1
_qFMSL
100 _aParameswaran M G
_9748429
245 0 _aDRAFTFCB+ULKA Brand building advertising
_cParameswaran M G; Medh K
260 _aNew Delhi
_bNew Delhi, Tata McGraw Hill
_c2011
365 _b625
650 _aManagement
942 _cTB
_hX:513 Q1
999 _c1306623
_d1306623